[Event "Titled Tuesday intern op 17th Nov"]
[Site "Chess.com INT"]
[Date "2020.11.17"]
[Round "5"]
[White "Matthiesen, Martin"]
[Black "Gurevich, Daniel"]
[Result "0-1"]
[WhiteElo "2296"]
[BlackElo "2399"]
[PlyCount "78"]
[EventDate "2020.11.17"]
[EventType "swiss (blitz)"]
[EventRounds "11"]
[EventCountry "USA"]
[SourceTitle "CBM 199 Extra"]
[Source "ChessBase"]
[SourceDate "2021.01.31"]
[SourceVersion "1"]
[SourceVersionDate "2021.01.31"]
[SourceQuality "1"]

1. d4 Nf6 2. c4 a6 3. Nf3 c5 4. dxc5 e6 5. Nc3 Bxc5 6. a3 0-0 7. Bf4 d5 8. e3 Nc6 9. Qc2 Qe7 10. Rd1 dxc4 11. Bxc4 h6 12. 0-0 e5 13. Bg3 Bg4 14. Nd5 Nxd5 15. Bxd5 Rac8 16. h3 Bh5 17. Qf5 g6 18. Qe4 Rfe8 19. Bh4 g5 20. Bg3 Kg7 21. Rd2 Bg6 22. Qa4 e4 23. Bxc6 Rxc6 24. Ne5 Re6 25. Rd7 Qf6 26. Nxg6 Kxg6 27. Rxb7 h5 28. Rd1 h4 29. Bh2 g4 30. hxg4 h3 31. Rd5 hxg2 32. Rxc5 Rd8 33. Rf5 Qh4 34. Kxg2 Qxg4+ 35. Bg3 Qxf5 36. Rd7 Qf3+ 37. Kg1 Rh8 38. Bh2 Qg4+ 39. Bg3 Qh3 0-1

[Event "Titled Tuesday intern op 4th Aug 10am"]
[Site "Chess.com INT"]
[Date "2020.08.04"]
[Round "4"]
[White "Gurevich, Daniel"]
[Black "Puranik, Abhimanyu Sameer"]
[Result "1/2-1/2"]
[WhiteElo "2399"]
[BlackElo "2584"]
[PlyCount "106"]
[EventDate "2020.08.04"]
[EventType "swiss (blitz)"]
[EventRounds "10"]
[EventCountry "USA"]
[SourceTitle "CBM 197 Extra"]
[Source "ChessBase"]
[SourceDate "2020.09.30"]
[SourceVersion "1"]
[SourceVersionDate "2020.09.30"]
[SourceQuality "1"]

1. Nf3 Nf6 2. c4 g6 3. Nc3 c5 4. d4 cxd4 5. Nxd4 Nc6 6. e4 Bg7 7. Be3 d6 8. Be2 Bd7 9. 0-0 0-0 10. Qd2 Nxd4 11. Bxd4 Bc6 12. f3 a5 13. Rac1 Nd7 14. Be3 Be5 15. Rfd1 Nc5 16. Kh1 e6 17. Nb5 Qh4 18. Bg1 Bf4 19. Qd4 Bxc1 20. Rxc1 Bxb5 21. cxb5 Rfd8 22. b6 a4 23. e5 Qxd4 24. Bxd4 Na6 25. Bxa6 Rxa6 26. exd6 f6 27. Bxf6 Rxd6 28. h4 Raxb6 29. Rc7 h5 30. Rg7+ Kf8 31. Rc7 Rd2 32. Kh2 Rd5 33. f4 Rd2 34. Kg3 a3 35. bxa3 Rxa2 36. Be7+ Ke8 37. Bb4 Rc6 38. Rxb7 Rcc2 39. Kf3 Rf2+ 40. Ke4 Rfe2+ 41. Kd4 Rxg2 42. Ke5 Rg4 43. Re7+ Kd8 44. Rf7 Rxh4 45. Kxe6 Rg4 46. Bd6 Re2+ 47. Kd5 h4 48. Kc6 h3 49. Rf8+ Re8 50. Rf7 Re6 51. Rf8+ Re8 52. Rf7 Re6 53. Rf8+ Re8 1/2-1/2